| 000 | 02480cam a2200301 a 4500 | ||
|---|---|---|---|
| 001 | 000011631 | ||
| 005 | 20200929162517.0 | ||
| 008 | 000720s1997 ck a b 101 0 spa d | ||
| 020 | _a9589057705 | ||
| 035 | _a(OCoLC)ocm46841218 | ||
| 040 |
_aDO-SdBNP _cPBR _dDLC |
||
| 042 | _alccopycat | ||
| 082 |
_a658.4012 _bE82 |
||
| 245 | 0 | 0 |
_aEstrategía, competitividad e informática / _cÁlvaro H. Galvis Panqueva, Ángela Ma. Espinosa Salazar, compiladores. |
| 260 |
_aSantafé de Bogota : _bEdiciones Uniandes, _c1997. |
||
| 300 |
_axvi, 384 p. : _bil. ; _c24 cm. + _e1 floppy disk (3 1/2 in.) |
||
| 504 | _aIncluye bibliografía e índice. | ||
| 505 | 2 | 0 |
_tPapel de la tecnología de información en la transformación latinoamericana de los anos 90 / _rMarilyn Ehrhardt -- _tLa innovación tecnológica, instrumento preestratégico: un modelo sociotécnico / _rFernando Sáez Vacas -- _tGerencia estratégica: punto de vista cibernético / _rRaul Espejo y Markus Schwaninger -- _tMas allá de las modas administrativas: el pensamiento sistémico para los administradores / Mike C. Jackson -- _tLa reingenieria de procesos y las disciplinas de las organizaciones que aprenden / _rGustavo Estrada -- _tReingeniería en Colombia: motivaciones y problemas / _rRaúl Sanabria y Humberto Serna Gómez. |
| 505 | 2 | 0 |
_tEl sentido común y los procesos de pensamiento / _rAlejandro Fernández R. -- _tPlaneación de sistemas estratégicos de información: una visión cibernética / _rÁngela Espinosa -- _tTranformación de las organizaciones humanas con tecnología: una propuesta conceptual y metodológica / _rPierre Jacob -- _tLa transferencia de tecnología informática: una forma de aprendizaje organizacional / _rAlberto García Arango -- _tLa tecnología de la informacion y su relación con las transformaciones de los modelos organizacionales, gerenciales y de gestión humana / _rLuis H. Franco M. |
| 505 | 2 | 0 |
_tEl Intercambio Electrónico de Documentos-EDI- una tecnología que revoluciona las relaciones comerciales / _rMartha I. Giraldo Jaramillo -- _tMRP II: una evaluación crtíca del proceso / _rFernando Hurtado G. |
| 650 | 4 |
_aPlanificación estratégica _vCONGRESOS _927543 |
|
| 650 | 4 |
_aCambio organizacional _vCONGRESOS _927544 |
|
| 650 | 4 |
_aAprendizaje organizacional _vCONGRESOS _927545 |
|
| 700 | 1 |
_aGalvis Panqueva, Álvaro. _ecomp. _927546 |
|
| 700 | 1 |
_aEspinosa Salazar, Ángela Ma. _ecomp. _q(Angela María) _927547 |
|
| 910 | _aCatalogación por copia / LC | ||
| 049 | _aBNGR | ||
| 999 |
_c11324 _d11324 |
||